00889nam a2200265 a 4500001000900000005001700009008004100026020001500067041000800082044000700090050001900097100003600116245010900152260004800261300002500309500001100334504002900345650002600374651003600400700003300436902000800469942001100477999001700488952011800505BRL_184020190320211407.0070815s1989----mx-a######---#000-0#spa-# a9684980450 aspa amx 4aE58b.C37 19891 aCarmona Macías, Martha92802010aEl origen del hombre en Américactexto, Martha Carmona Macías ; fotografías, Silvia Gómez Tagle. aMéxicobGarcía Valadés Editoresc1989 a[40] p.bil.c26 cm. aAu2096 aBibliografía: p. 39-4014aHombrexOrigen916653 4aAméricaxAntigüedades998541 aGómez Tagle, Silvia928021 aGRL 2lcccB c10648d10648 00104070aBRLbBRLd2015-08-07iAu2096l0oE58 .C37 1989 (Au2096)pGRL02023r2019-03-22 00:00:00w2019-03-22yB